000 00569nam a2200217Ia 4500
003 OSt
005 20220923211625.0
006 a|||||r|||| 00| 0
007 ta
008 Pun
024 _a17,737
037 _cTextual
040 _aARTS
_cARTS
_bPun
041 _2Pun
_aPun
082 _aQ8441, 153K9
100 _aਤ੍ਰਿਲੋਚਨ ਸਿੰਘ
245 0 _aਗੁਰੂ ਨਾਨਕ ਦਾ ਸਿੱਖ ਧਰਮ
260 _c1969
942 _hQ8441, 153K9
_cTEXL
_2CC
999 _c301624
_d301624